Score 0/51 Timer 06:00
1 Play Today
Country % Correct
United Kingdom
96.1%
Russia
96%
Romania
95.7%
United States
95.2%
France
94.7%
Spain
94.2%
Germany
93.2%
Italy
92.6%
Turkey
91.4%
Greece
89.2%
Portugal
87.9%
Canada
87.1%
Ukraine
87%
Poland
87%
India
86.6%
Hungary
86.3%
Bulgaria
85.6%
Serbia
84.7%
Sweden
84.4%
Austria
84.2%
Slovakia
84.2%
Czech Republic
81.9%
Netherlands
81.5%
Ireland
81.2%
Slovenia
81.2%
Croatia
79.9%
Country % Correct
Switzerland
79.9%
Belgium
79.8%
Finland
78.9%
Bosnia and Herzegovina
78.8%
Iran
77.8%
Belarus
77.2%
Albania
77.1%
Egypt
75.6%
Macedonia
75.6%
Brazil
75.4%
Iraq
75.3%
Latvia
72.6%
Argentina
71.8%
Montenegro
71.5%
Moldova
70.2%
Kosovo
70%
Syria
66.6%
Chile
62.1%
Colombia
59.4%
Lebanon
59.2%
Peru
58.2%
Jordan
58.1%
Afghanistan
56.8%
Libya
54.8%
Sudan
43.5%
Remove Ads.
Support Sporcle.
Get the best of Sporcle when you Go Orange. This ad-free experience offers more features, more stats, and more fun while also helping to support Sporcle. Thank you for becoming a member.

You're not logged in!

Compare scores with friends on all Sporcle quizzes.
OR
Log In

Show Comments

Extras

Created Oct 17, 2010SourceReportNominate
Tags:Gypsy, Romani

Top Quizzes Today


Score Distribution

Your Account Isn't Verified!

In order to create a playlist on Sporcle, you need to verify the email address you used during registration. Go to your Sporcle Settings to finish the process.

Report this User

Report this user for behavior that violates our Community Guidelines.

Details: